00000000nam 2200000zi 4500
0019.941288
003CaOODSP
00520250107144100
006m     o  d f      
007cr cn ||||||||
008240730t20242024onc     os   f000 0 eng d
022 |y1701-8269
040 |aCaOODSP|beng|erda|cCaOODSP
043 |an-cn---
0861 |aIN4-78/2024E-PDF|zIN3-16/10E|zIN3-16/28E-PDF
24500|aSpecial actuarial report 2024 on the financial position of the Public Service Pension Fund as at 31 March 2024.
264 1|aOttawa, Ontario : |bOffice of the Superintendent of Financial Institutions Canada, Office of the Chief Actuary = Bureau du surintendant des institutions financières Canada, Bureau de l'actuaire en chef, |c[2024]
264 4|a©2024
300 |a1 online resource (24 pages)
336 |atext|btxt|2rdacontent
337 |acomputer|bc|2rdamedia
338 |aonline resource|bcr|2rdacarrier
500 |aIssued also in French under title: Rapport actuariel spécial 2024 sur la situation financière de la Caisse de retraite de la fonction publique au 31 mars 2024.
500 |aCover title.
520 |a"This special actuarial report on the financial position of the Public Service Pension Fund (PSPF) wasprepared pursuant to the request made by the President of Treasury Board under subsection 44.4 (5) ofthe Public Service Superannuation Act (PSSA). This special actuarial report also includes the sensitivityanalyses of various salary adjustment scenarios requested by the President of Treasury Board"--Introduction, page 6.
650 0|aPensions|zCanada|xFinance|vStatistics.
651 0|aCanada|xOfficials and employees|xPensions|xFinance|vStatistics.
655 7|aStatistics|2lcgft
7101 |aCanada. |bOffice of the Chief Actuary, |eissuing body.
77508|tRapport actuariel spécial 2024 sur la situation financière de la Caisse de retraite de la fonction publique au 31 mars 2024.|w(CaOODSP)9.941290
85640|qPDF|s651 KB|uhttps://publications.gc.ca/collections/collection_2025/bsif-osfi/IN4-78-2024-eng.pdf
8564 |qHTML|sN/A|uhttps://www.osfi-bsif.gc.ca/en/oca/actuarial-reports/special-actuarial-report-2024-financial-position-public-service-pension-fund-31-march-2024